| 000 | 00926nam a22002537a 4500 | ||
|---|---|---|---|
| 999 |
_c65572 _d65572 |
||
| 005 | 20240530110832.0 | ||
| 008 | 190903s ua a g b 000 0 ara d | ||
| 017 |
_bمصر. دار الكتب _a87/2482 |
||
| 020 | _a9770112941 | ||
| 040 |
_aEG-CaGPL _cEG-CaGPL |
||
| 082 | 0 | 4 |
_221 _a227.34 \ _bع ت |
| 100 | 0 | _aعبدالله محمود شحاتة | |
| 245 | 1 | 0 |
_aتفسير سورة النور / _cعبدالله محمود شحاتة |
| 250 | _aط.1 | ||
| 260 |
_aالقاهرة : _bالهيئة المصرية العامة للكتاب، _c1987 . |
||
| 300 |
_a264 ص. ؛ _c24 سم. |
||
| 504 | _aيشتمل على ارجاعات ببليوجرافية | ||
| 650 | 0 | 7 |
_2qrmak _aالقران الكريم _xتفسير |
| 650 | 0 | 7 |
_aالقران الكريم _xسور وايات _2qrmak |
| 650 | 0 | 7 |
_aسورة النور _2qrmak |
| 651 | _2qrmak | ||
| 942 |
_2ddc _cBK |
||